000 00963nam a2200205 a 4500
001 000039064
005 20240307073950.0
008 081126s1996 dr 000 0 spa d
040 _aDO-SdBNP
_bspa
_cBNPHU
082 _a342.729307
_bR426c, 1996
110 1 _aRepública Dominicana.
_b Junta Central Electoral
_964605
245 1 0 _aCompilación de la legislación electoral de la República Dominicana, 1998 /
_cpresentación Cesar Estrella Sahdalá.
260 _aSanto Domingo :
_bJunta Central Electoral,
_c1996.
300 _a205 p. ;
_c21 cm.
505 0 _tConstitución de la República Dominicana --
_tLey electoral no. 5884 --
_tReglamentos de la Junta Central Electoral --
_tResoluciones de la Junta Central Electoral --
_tRelación de alianzas electorales --
590 _aInventariado, 2018/VM
650 4 _aElecciones
_xLegislación
_zRepública Dominicana
_9412
700 1 2 _aEstrella Sahdalá, Cesar
_965295
910 _aValidado. Control de calidad MFF
999 _c38554
_d38554